Anti-looting Bill to bring in due diligence (Record no. 72718)

MARC details
000 -LEADER
fixed length control field 00927cam a2200217 4500
001 - CONTROL NUMBER
control field WB3919-01
008 - FIXED-LENGTH DATA ELEMENTS--GENERAL INFORMATION
fixed length control field 030521n2003 000 0 eng u
035 ## - SYSTEM CONTROL NUMBER
System control number (Sirsi) u122360
245 ## - TITLE STATEMENT
Title Anti-looting Bill to bring in due diligence
260 ## - PUBLICATION, DISTRIBUTION, ETC.
Date of publication, distribution, etc. 2003
490 ## - SERIES STATEMENT
Series statement Antiques Trade Gazette
Volume/sequential designation (1590) 24 May 2003, 1&2(1)
520 ## - SUMMARY, ETC.
Summary, etc. Art and antique dealers will have the legal obligation to ascertain with due diligence whether it is legal to trade in certain items once the Dealing in Cultural Objects (Offences) Bill becomes law. A copy of the Bill can be found on he HMSO website at http://www.parliament.the-stationery-office.co.uk/pa/cm200203/cmbills/030/2003030.htm.
590 ## - LOCAL NOTE (RLIN)
Local note WB
650 ## - SUBJECT ADDED ENTRY--TOPICAL TERM
Topical term or geographic name entry element DEALING IN CULTURAL OBJECTS (OFFENCES) BILL
650 ## - SUBJECT ADDED ENTRY--TOPICAL TERM
Topical term or geographic name entry element ART THEFT
650 ## - SUBJECT ADDED ENTRY--TOPICAL TERM
Topical term or geographic name entry element STOLEN WORKS OF ART
650 ## - SUBJECT ADDED ENTRY--TOPICAL TERM
Topical term or geographic name entry element DUE DILIGENCE
650 ## - SUBJECT ADDED ENTRY--TOPICAL TERM
Topical term or geographic name entry element ANTIQUE DEALERS
690 ## - LOCAL SUBJECT ADDED ENTRY--TOPICAL TERM (OCLC, RLIN)
Topical term or geographic name as entry element Arts and antiques
9 (RLIN) 6217
942 ## - ADDED ENTRY ELEMENTS (KOHA)
Suppress in OPAC 0
Holdings
Withdrawn status Lost status Source of classification or shelving scheme Damaged status Not for loan Home library Current library Shelving location Date acquired Total Checkouts Full call number Barcode Date last seen Copy number Price effective from Koha item type
    Dewey Decimal Classification     London London News article 21/05/2003   WB3919-01 122360-1001 06/08/2019 1 06/08/2019 News article